Doprava ako tvorca pridanej hodnoty
Význam logistiky a dopravy v okrese Rožňava. Analýza prostredia. Doprava ako súčasť logistiky v okrese Rožňava. Železničná doprava. Dopad slabo rozvinutej dopravnej infraštruktúry na rozvoj regiónu. Návrhy pre dopravu v regióne.
Salvato in:
| Autore principale: | |
|---|---|
| Natura: | Capitolo di libro |
| Lingua: | slovacco |
| Soggetti: | |
| Tags: |
Nessun Tag, puoi essere il primo ad aggiungerne!!
|
MARC
| LEADER | 00000naa$a2200000$$$4500 | ||
|---|---|---|---|
| 001 | 0197038 | ||
| 005 | 20240502073325.8 | ||
| 041 | 0 | |a slo | |
| 044 | |a SK | ||
| 245 | 1 | 0 | |a Doprava ako tvorca pridanej hodnoty |c Peter Drábik |
| 520 | |a Význam logistiky a dopravy v okrese Rožňava. Analýza prostredia. Doprava ako súčasť logistiky v okrese Rožňava. Železničná doprava. Dopad slabo rozvinutej dopravnej infraštruktúry na rozvoj regiónu. Návrhy pre dopravu v regióne. | ||
| 610 | 2 | 0 | |a doprava |
| 610 | 2 | 0 | |a doprava železničná |
| 610 | 2 | 0 | |a doprava cestná |
| 610 | 2 | 0 | |a infraštruktúra dopravná |
| 610 | 2 | 0 | |a logistika |
| 610 | 2 | 0 | |a migrácia |
| 610 | 2 | 0 | |a ruch cestovný |
| 610 | 2 | 0 | |a nezamestnanosť |
| 610 | 2 | 0 | |a okresy |
| 610 | 2 | 0 | |a regióny |
| 610 | 2 | 0 | |a rozvoj regionálny |
| 100 | 1 | |a Drábik, Peter, 1981- | |